000 00751nam a2200265Ia 4500
005 20260121165916.0
008 008 260114s9999 xx 000 0 eng d
020 _a9783319046150
037 _aEBOOK
040 _aCRL
040 _beng
040 _cCRL
041 _2eng
041 _aeng
084 _qCRL
100 _aAntje Katzschner, Michael Waibel, Dirk Schwede, Lutz Katzschner, Michael Schmidt, Harry Storch
_91057501
245 0 _aSustainable Ho Chi Minh City: Climate Policies for Emerging Mega Cities
260 _bSpringer
260 _bSpringer
260 _c2016
856 _uhttps://link.springer.com/openurl?genre=book&isbn=978-3-319-04615-0
942 _cEBOOK
999 _c1623230
_d1623230